福岡県の市町村(1960年) - Statistics

General Stats
  • This quiz has been taken 53 times
  • The average score is 87 of 111
Answer Stats
No. 市町村 備考 % Correct
1 福岡市 1972年政令指定
100%
2 若松市 1963年消滅
100%
3 八幡市 1963年消滅
100%
5 直方市
100%
6 飯塚市
100%
7 久留米市
100%
8 大牟田市
100%
9 小倉市 1963年消滅
100%
10 門司市 1963年消滅
100%
15 八女市
100%
17 大川市
100%
21 糟屋郡 粕屋町
100%
13 山田市 2006年消滅
96%
22 糟屋郡 古賀町 1997年昇格
96%
23 糟屋郡 志免町
96%
31 宗像郡 福間町 2005年消滅
96%
66 糸島郡 前原町 1992年昇格
96%
4 戸畑市 1963年消滅
92%
11 田川市
92%
12 柳川市
92%
14 甘木市 2006年消滅
92%
27 糟屋郡 新宮町
92%
30 宗像郡 宗像町 1981年昇格
92%
64 筑紫郡 那珂川町 2018年昇格
92%
76 三井郡 小郡町 1972年昇格
92%
99 田川郡 糸田町
92%
103 京都郡 苅田町
92%
111 築上郡 吉富町
92%
18 行橋市
88%
19 豊前市
88%
20 中間市
88%
28 糟屋郡 宇美町
88%
29 糟屋郡 久山町
88%
36 遠賀郡 遠賀村 1964年昇格
88%
38 遠賀郡 芦屋町
88%
41 鞍手郡 鞍手町
88%
57 朝倉郡 朝倉村 1962年昇格
88%
60 筑紫郡 大野町 1972年昇格
88%
61 筑紫郡 筑紫野町 1972年昇格
88%
62 筑紫郡 太宰府町 1982年昇格
88%
63 筑紫郡 春日町 1972年昇格
88%
72 浮羽郡 浮羽町 2005年消滅
88%
77 三井郡 大刀洗町
88%
94 田川郡 香春町
88%
95 田川郡 赤村
88%
96 田川郡 添田町
88%
16 筑後市
83%
24 糟屋郡 篠栗町
83%
26 糟屋郡 須恵町
83%
37 遠賀郡 水巻町
83%
40 鞍手郡 宮田町 2006年消滅
83%
53 嘉穂郡 桂川町
83%
55 朝倉郡 宝珠山村 2005年消滅
83%
80 三潴郡 三潴町 2005年消滅
83%
32 宗像郡 津屋崎町 2005年消滅
79%
34 宗像郡 大島村 2005年消滅
79%
35 遠賀郡 岡垣村 1962年昇格
79%
44 嘉穂郡 嘉穂町 2006年消滅
79%
97 田川郡 大任町
79%
110 築上郡 新吉富村 2005年消滅
79%
33 宗像郡 玄海町 2003年消滅
75%
42 鞍手郡 若宮町 2006年消滅
75%
54 朝倉郡 小石原村 2005年消滅
75%
65 早良郡 早良町 1975年消滅
75%
67 糸島郡 二丈村 1965年昇格
75%
87 八女郡 広川町
75%
98 田川郡 川崎町
75%
25 糟屋郡 志賀町 1971年消滅
71%
39 鞍手郡 小竹町
71%
56 朝倉郡 杷木町 2006年消滅
71%
71 糸島郡 志摩村 1965年昇格
71%
73 浮羽郡 吉井町 2005年消滅
71%
74 浮羽郡 田主丸町 2005年消滅
71%
75 三井郡 北野町 2005年消滅
71%
81 三潴郡 城島町 2005年消滅
71%
84 八女郡 矢部村 2010年消滅
71%
85 八女郡 黒木町 2010年消滅
71%
88 八女郡 星野村 2010年消滅
71%
100 田川郡 金田町 2006年消滅
71%
101 田川郡 赤池町 2006年消滅
71%
107 築上郡 築城町 2006年消滅
71%
45 嘉穂郡 稲築町 2006年消滅
67%
51 嘉穂郡 穂波町 2006年消滅
67%
58 朝倉郡 三輪村 1962年昇格
67%
59 朝倉郡 夜須村 1962年昇格
67%
82 三潴郡 大木町
67%
91 山門郡 山川村 1969年昇格
67%
93 三池郡 高田町 2007年消滅
67%
104 京都郡 勝山町 2006年消滅
67%
106 京都郡 犀川町 2006年消滅
67%
52 嘉穂郡 筑穂町 2006年消滅
63%
83 八女郡 立花町 2010年消滅
63%
86 八女郡 上陽町 2006年消滅
63%
89 山門郡 大和町 2005年消滅
63%
90 山門郡 三橋町 2005年消滅
63%
92 山門郡 瀬高町 2007年消滅
63%
105 京都郡 豊津町 2006年消滅
63%
108 築上郡 椎田町 2006年消滅
63%
109 築上郡 大平村 2005年消滅
63%
43 嘉穂郡 碓井町 2006年消滅
58%
46 嘉穂郡 庄内町 2006年消滅
58%
102 田川郡 方城町 2006年消滅
58%
47 嘉穂郡 頴田町 2006年消滅
54%
48 嘉穂郡 二瀬町 1963年消滅
54%
49 嘉穂郡 幸袋町 1963年消滅
54%
68 糸島郡 周船寺村 1961年消滅
54%
79 三潴郡 筑邦町 1967年消滅
50%
50 嘉穂郡 鎮西村 1963年消滅
46%
78 三井郡 善導寺町 1967年消滅
46%
70 糸島郡 北崎村 1961年消滅
42%
69 糸島郡 元岡村 1961年消滅
33%
No matching quizzes found
Score Distribution
Percent of People with Each Score
Percentile by Number Answered
Your Score History
You have not taken this quiz